000 00504nam a2200169 i 4500
001 bg
245 0 _aĆwiczenia laboratoryjne z chemii ogólnej :
_bpraca zbiorowa /
_cpod red. Jana Biernata ; Politechnika Gdańska.
260 _aGdańsk,
_c1980.
650 9 _aChemia
655 _aĆwiczenia i zadania dla szkół wyższych
700 1 _aBiernat, Jan F.
_d(1909- ).
_eRed.
040 _cBPK
041 _apol
080 _a54(075.8)(076)
942 _cKS
008 s pl f |000 0 pol
999 _c19614
_d19614
856 _uhttp://koha.tu.koszalin.pl/cgi-bin/koha/opac-detail.pl?biblionumber=19614
_yKatalog online BPK